[Event "Qatar Masters Open 2015"]
[Site "Doha QAT"]
[Date "2015.12.23"]
[Round "4"]
[White "Grandelius, Nils"]
[Black "Harikrishna, Pentala"]
[Result "1/2-1/2"]
[WhiteElo "2632"]
[BlackElo "2743"]
[PlyCount "211"]
[EventDate "2015.12.20"]

1. d4 d5 2. c4 c6 3. Nf3 Nf6 4. Nc3 e6 5. g3 dxc4 6. Bg2 Nbd7 7. a4 Be7 8. O-O
O-O 9. e4 e5 10. dxe5 Ng4 11. Bf4 Qa5 12. e6 fxe6 13. Qe2 Nge5 14. Nxe5 Nxe5
15. Bxe5 Qxe5 16. Qxc4 Kh8 17. Rad1 Qh5 18. e5 Qxe5 19. Rfe1 Qc5 20. Qxc5 Bxc5
21. Rd2 a5 22. Bh3 Re8 23. Rde2 Kg8 24. Bxe6+ Bxe6 25. Rxe6 Rxe6 26. Rxe6 Kf7
27. Re4 Ra6 28. Rf4+ Ke8 29. Nd1 Be7 30. Kf1 Rb6 31. Ke2 Bf6 32. Rf5 Bxb2 33.
Rxa5 Bf6 34. Ra7 Rb4 35. a5 Bd4 36. Ra8+ Kd7 37. a6 b5 38. Kd3 Kc7 39. Ne3 Ra4
40. Nf5 Bxf2 41. Nxg7 c5 42. Rf8 c4+ 43. Ke4 Bg1 44. Kd5 Rxa6 45. Ne6+ Kb6 46.
Rb8+ Ka5 47. Nc7 Rb6 48. Ra8+ Kb4 49. Ra1 c3 50. Rxg1 c2 51. Rc1 Kc3 52. Kc5
Rh6 53. Nxb5+ Kd2 54. Rxc2+ Kxc2 55. Kd4 Rxh2 56. Ke3 Kb3 57. Nd4+ Kc4 58. Nf3
Rh6 59. g4 Kd5 60. Kf4 Rf6+ 61. Kg3 Rf8 62. Ng5 h6 63. Nh3 Ke5 64. Ng1 Ke4 65.
Nh3 Rf3+ 66. Kh4 Ke5 67. Ng1 Rf1 68. Nh3 Rh1 69. Kg3 Kf6 70. Kh4 Rh2 71. Kg3
Ra2 72. Kh4 Ra5 73. Nf4 Ra4 74. Nh3 Kg6 75. Kg3 Ra3+ 76. Kh4 Kf6 77. Nf4 Rb3
78. Nh3 Ke5 79. Ng1 Ke4 80. Nh3 Kf3 81. g5 Rb6 82. Kh5 hxg5 83. Nxg5+ Kg3 84.
Nh7 Kf4 85. Nf8 Kf5 86. Nh7 Rg6 87. Nf8 Ra6 88. Nh7 Rg6 89. Nf8 Rg7 90. Kh6 Rb7
91. Nh7 Rf7 92. Ng5 Rf6+ 93. Kh5 Ra6 94. Nh7 Ra1 95. Kh6 Rh1+ 96. Kg7 Rh2 97.
Nf8 Re2 98. Kf7 Rg2 99. Nd7 Ra2 100. Ke7 Ra6 101. Kf7 Rd6 102. Ke7 Rh6 103. Nf8
Rh8 104. Nd7 Rh7+ 105. Kd6 Rg7 106. Nc5 1/2-1/2

[Event "Qatar Masters Open 2015"]
[Site "Doha QAT"]
[Date "2015.12.23"]
[Round "4"]
[White "Jakovenko, Dmitry"]
[Black "Ipatov, Alexander"]
[Result "1/2-1/2"]
[WhiteElo "2737"]
[BlackElo "2619"]
[PlyCount "62"]
[EventDate "2015.12.20"]

1. c4 g6 2. e4 e5 3. d4 Nf6 4. dxe5 Nxe4 5. Qd4 Bb4+ 6. Kd1 Nc5 7. Nc3 Nc6 8.
Qe3 Bxc3 9. bxc3 Qe7 10. Nf3 O-O 11. Nd4 d6 12. Nxc6 bxc6 13. Ba3 Re8 14. f4 f6
15. Bxc5 dxc5 16. Bd3 fxe5 17. fxe5 Qxe5 18. Qxe5 Rxe5 19. Kc2 Bf5 20. Rae1
Rae8 21. Rxe5 Rxe5 22. Kd2 Bxd3 23. Kxd3 Rg5 24. g3 Rh5 25. h4 g5 26. Rb1 gxh4
27. gxh4 Rxh4 28. Rb8+ Kf7 29. Rb7 Ke6 30. Rxc7 Kd6 31. Rxa7 Rh2 1/2-1/2

[Event "Qatar Masters Open 2015"]
[Site "Doha QAT"]
[Date "2015.12.23"]
[Round "4"]
[White "Wojtaszek, Radoslaw"]
[Black "Vocaturo, Daniele"]
[Result "1-0"]
[WhiteElo "2723"]
[BlackElo "2597"]
[PlyCount "75"]
[EventDate "2015.12.20"]

1. d4 e6 2. c4 Bb4+ 3. Bd2 Bxd2+ 4. Qxd2 Nf6 5. Nc3 d5 6. e3 O-O 7. cxd5 exd5
8. Bd3 Nc6 9. Nge2 Ne7 10. Qc2 g6 11. h3 Bf5 12. g4 Bxd3 13. Qxd3 Nc8 14. O-O-O
Nd6 15. f3 Re8 16. Nf4 c6 17. h4 Nc4 18. e4 Qd6 19. e5 Qb4 20. Qe2 Nxe5 21. a3
Qc4 22. g5 Nfd7 23. Qc2 Nxf3 24. Qf2 Nde5 25. Kb1 Nxd4 26. Rxd4 Qc5 27. Ncxd5
cxd5 28. Rc1 Qf8 29. Nxd5 Rec8 30. Re1 Nc6 31. Rde4 Rd8 32. Nf6+ Kh8 33. h5
gxh5 34. Rh1 Rd6 35. Rxh5 Rxf6 36. gxf6 Qd6 37. Rxh7+ Kxh7 38. Qf5+ 1-0

[Event "Qatar Masters Open 2015"]
[Site "Doha QAT"]
[Date "2015.12.23"]
[Round "4"]
[White "Hamdouchi, Hicham"]
[Black "Korobov, Anton"]
[Result "0-1"]
[WhiteElo "2597"]
[BlackElo "2713"]
[PlyCount "122"]
[EventDate "2015.12.20"]

1. e4 c5 2. Nf3 d6 3. d4 cxd4 4. Nxd4 Nf6 5. Nc3 a6 6. Bg5 Nbd7 7. Qe2 e6 8. f4
Qc7 9. O-O-O Be7 10. Nf3 h6 11. Bh4 g5 12. fxg5 hxg5 13. Bxg5 b5 14. a3 Rb8 15.
Qe1 Qb6 16. Kb1 b4 17. axb4 Qxb4 18. Bc1 e5 19. Nd5 Nxd5 20. exd5 Nc5 21. Qxb4
Rxb4 22. Bd2 Rb8 23. Bc4 Bf5 24. Rde1 Kd7 25. Re3 Rhc8 26. Ra3 Bf6 27. Be3 Ke7
28. Rf1 Bg6 29. g4 Rb4 30. Nd2 Ne4 31. Bd3 Nc3+ 32. Ka1 Nxd5 33. Bxg6 fxg6 34.
g5 Bg7 35. c4 e4 36. cxd5 Bxb2+ 37. Ka2 Bxa3 38. Kxa3 a5 39. Re1 Kd7 40. Bf4
Re8 41. Nf1 Rd4 42. Ne3 Rf8 43. Bg3 a4 44. Ng4 Rf3+ 45. Ka2 Rd2+ 46. Ka1 Kc7
47. Rc1+ Kb7 48. Bxd6 Rxd5 49. Be7 Rd2 50. Bc5 Rb3 51. Rb1 Rxb1+ 52. Kxb1 Kc6
53. Be3 Re2 54. Bc1 Kd5 55. h4 Ke6 56. Nf6 Re1 57. Kc2 e3 58. Ne4 e2 59. Nc5+
Kf5 60. Bd2 Ra1 61. Nd3 Rd1 0-1

[Event "Qatar Masters Open 2015"]
[Site "Doha QAT"]
[Date "2015.12.23"]
[Round "4"]
[White "Ivanchuk, Vassily"]
[Black "Bluebaum, Matthias"]
[Result "1/2-1/2"]
[WhiteElo "2710"]
[BlackElo "2590"]
[PlyCount "61"]
[EventDate "2015.12.20"]

1. c4 c6 2. Nf3 d5 3. e3 Nf6 4. d4 Bf5 5. Nc3 e6 6. Nh4 Be4 7. f3 Bg6 8. Qb3
Qc7 9. Bd2 Be7 10. Nxg6 hxg6 11. g3 O-O 12. Rc1 Qd7 13. Be2 dxc4 14. Qxc4 Rd8
15. Rd1 b5 16. Qb3 a6 17. a4 Qa7 18. Bd3 c5 19. axb5 cxd4 20. exd4 Qxd4 21. Bf4
Qb6 22. Qc4 Ra7 23. bxa6 Nxa6 24. Qb5 Qxb5 25. Bxb5 Nc7 26. Bc4 Ncd5 27. Bxd5
Nxd5 28. Nxd5 exd5 29. Be5 Bf6 30. Bxf6 gxf6 31. Kf2 1/2-1/2

[Event "Qatar Masters Open 2015"]
[Site "Doha QAT"]
[Date "2015.12.23"]
[Round "4"]
[White "Zhang, Zhong"]
[Black "Ponomariov, Ruslan"]
[Result "1/2-1/2"]
[WhiteElo "2619"]
[BlackElo "2710"]
[PlyCount "69"]
[EventDate "2015.12.20"]

1. e4 c5 2. Nf3 d6 3. d4 cxd4 4. Nxd4 Nf6 5. Nc3 a6 6. Bg5 Nbd7 7. Qe2 h6 8.
Bh4 g6 9. O-O-O e5 10. Nb3 Be7 11. f3 b5 12. a3 Bb7 13. Kb1 Qc7 14. Qd2 Kf8 15.
g4 Kg7 16. Bf2 Rad8 17. Be2 d5 18. Nxd5 Nxd5 19. exd5 Nf6 20. Qa5 Qxa5 21. Nxa5
Bxd5 22. Rhe1 Ba8 23. c4 bxc4 24. Nxc4 e4 25. fxe4 Nxe4 26. Bd4+ Bf6 27. Bxf6+
Nxf6 28. h3 Rxd1+ 29. Bxd1 Rd8 30. Bc2 h5 31. Ne3 hxg4 32. Nxg4 Rd4 33. Rg1 Nh5
34. Ne5 Bd5 35. Nxg6 1/2-1/2

[Event "Qatar Masters Open 2015"]
[Site "Doha QAT"]
[Date "2015.12.23"]
[Round "4"]
[White "Wei, Yi"]
[Black "Vignesh, N R."]
[Result "0-1"]
[WhiteElo "2730"]
[BlackElo "2422"]
[PlyCount "136"]
[EventDate "2015.12.20"]

1. e4 e5 2. Nf3 Nc6 3. Bb5 a6 4. Ba4 d6 5. O-O Bd7 6. d4 Nf6 7. dxe5 Nxe5 8.
Bxd7+ Qxd7 9. Nc3 Be7 10. Nd4 O-O 11. Nf5 Rfe8 12. Bg5 Bd8 13. f4 Ng6 14. Qd3
Qc6 15. Qd4 Nf8 16. Bxf6 Ne6 17. Qd3 Bxf6 18. Nd5 Bd8 19. Rae1 Qd7 20. Qh3 c6
21. Nde3 Bb6 22. Kh1 Bxe3 23. Rxe3 Rad8 24. Qh4 Nf8 25. Nxg7 Kxg7 26. f5 Ng6
27. f6+ Kh8 28. Qh6 Rg8 29. Rg3 Qe8 30. Rf5 Qf8 31. Qh3 h6 32. Rh5 Kh7 33. Rgg5
Rh8 34. Qg4 Re8 35. Rxg6 Rg8 36. Rxg8 Qxg8 37. Qf4 Qg6 38. Rf5 Rg8 39. Qf1 Qg4
40. Rf4 Qe6 41. b3 Rg5 42. h3 Re5 43. Qd3 Kg8 44. Qf3 Kf8 45. Qg3 Rg5 46. Qf2
Qe5 47. h4 Rg6 48. g3 Ke8 49. Kh2 Kd7 50. Qb6 Kc8 51. Qf2 Kd7 52. Qf3 Ke6 53.
Rf5 Qb2 54. Kh3 Rxf6 55. c3 Rxf5 56. Qxf5+ Ke7 57. e5 dxe5 58. Qxe5+ Kf8 59.
Qh8+ Ke7 60. Qe5+ Kf8 61. Qh8+ Ke7 62. Qxh6 Qxc3 63. Qf4 Kf8 64. h5 b5 65. b4
Kg7 66. Kg4 Qc4 67. Qxc4 bxc4 68. Kf4 f5 0-1

[Event "Qatar Masters Open 2015"]
[Site "Doha QAT"]
[Date "2015.12.23"]
[Round "4"]
[White "Tabatabaei, M.Amin"]
[Black "Vitiugov, Nikita"]
[Result "0-1"]
[WhiteElo "2482"]
[BlackElo "2724"]
[PlyCount "144"]
[EventDate "2015.12.20"]

1. e4 c5 2. Nf3 e6 3. d4 cxd4 4. Nxd4 Nc6 5. Nc3 Qc7 6. Be3 a6 7. Qd2 Nf6 8.
O-O-O Bb4 9. f3 Ne7 10. Nde2 h6 11. Qe1 Ba5 12. Qg3 Qxg3 13. hxg3 Bc7 14. g4
Ng6 15. Na4 d5 16. Bb6 Be5 17. Nec3 Bd7 18. exd5 Nxd5 19. Nxd5 Bxa4 20. b3 Bb5
21. Nc7+ Bxc7 22. Bxc7 Bxf1 23. Rhxf1 Rc8 24. Bd6 h5 25. gxh5 Rxh5 26. Rfe1 b5
27. Rd2 Ne7 28. Be5 f6 29. Bb2 Rc6 30. g4 Rd5 31. Rde2 Kf7 32. f4 Ng6 33. Rf2
Rc8 34. Re4 Rh8 35. c4 Rd7 36. f5 exf5 37. gxf5 Ne7 38. Ba3 Nc6 39. cxb5 axb5
40. Rd2 Rxd2 41. Kxd2 Ra8 42. Bc5 Rxa2+ 43. Kc3 Ra1 44. b4 Ra3+ 45. Kc2 Ne5 46.
Bd6 Nc4 47. Re7+ Kg8 48. Re8+ Kh7 49. Bf8 Rf3 50. Re7 Kg8 51. Re8 Kf7 52. Rb8
Rxf5 53. Bc5 g5 54. Kd3 Nd6 55. Bxd6 Rd5+ 56. Ke4 Rxd6 57. Rxb5 Rd1 58. Rb8
Re1+ 59. Kf5 Re5+ 60. Kg4 Re8 61. Rb6 Kg6 62. b5 Re4+ 63. Kg3 Rb4 64. Rb8 Kf5
65. b6 Rb3+ 66. Kf2 Kg4 67. b7 f5 68. Ke2 f4 69. Kd2 f3 70. Kd1 Rb2 71. Ke1 Kg3
72. Rf8 Rxb7 0-1

[Event "Qatar Masters Open 2015"]
[Site "Doha QAT"]
[Date "2015.12.23"]
[Round "4"]
[White "Ma, Zhonghan"]
[Black "Moiseenko, Alexander"]
[Result "0-1"]
[WhiteElo "2463"]
[BlackElo "2689"]
[PlyCount "124"]
[EventDate "2015.12.20"]

1. Nf3 c5 2. c4 Nc6 3. Nc3 e5 4. g3 g6 5. Bg2 Bg7 6. O-O d6 7. a3 a5 8. d3 Nge7
9. Ne1 Be6 10. Nd5 O-O 11. Nc2 Rb8 12. Bg5 f6 13. Bd2 b5 14. Nxe7+ Nxe7 15.
cxb5 a4 16. e4 Rxb5 17. Bc3 d5 18. exd5 Nxd5 19. Ne3 Nxc3 20. bxc3 Rb3 21. c4
Qxd3 22. Qf3 Rb6 23. Rfd1 Qc3 24. Rab1 e4 25. Qxe4 f5 26. Qf3 Rxb1 27. Rxb1
Qxa3 28. Qc6 Bf7 29. Bd5 Bxd5 30. Qxd5+ Kh8 31. Qd7 Qa2 32. Rb7 Qa1+ 33. Kg2
Qd4 34. Nd5 g5 35. Qxa4 Qe4+ 36. Kf1 f4 37. Qd7 Qxc4+ 38. Kg1 Qd4 39. Ne7 fxg3
40. Qxd4 Bxd4 41. hxg3 Rxf2 42. Rc7 Rf7+ 43. Kg2 Kg7 44. Nf5+ Kf6 45. Rxf7+
Kxf7 46. g4 Ke6 47. Kf3 Ke5 48. Ne7 Bb2 49. Nc6+ Kd5 50. Ne7+ Kd4 51. Ke2 Kc3
52. Nd5+ Kb3 53. Ne3 Bc1 54. Nf5 c4 55. Nd4+ Kb2 56. Kd1 Bf4 57. Nc2 Kc3 58.
Ne1 Bg3 59. Nf3 Kd3 60. Nxg5 c3 61. Ne6 c2+ 62. Kc1 Kc3 0-1

[Event "Nutcracker Team Match 2015"]
[Site "Moscow RUS"]
[Date "2015.12.23"]
[Round "4"]
[White "Artemiev, Vladislav"]
[Black "Najer, Evgeniy"]
[Result "1-0"]
[WhiteElo "2676"]
[BlackElo "2674"]
[PlyCount "87"]
[EventDate "2015.12.20"]
[WhiteTeam "Princes"]
[BlackTeam "Kings"]

1. d4 d5 2. Nf3 Nf6 3. c4 c6 4. Qc2 g6 5. cxd5 cxd5 6. Nc3 Nc6 7. Bf4 Nh5 8.
Bd2 e6 9. e4 Bg7 10. e5 f6 11. exf6 Qxf6 12. Bg5 Qf7 13. Bb5 O-O 14. Qd2 Qc7
15. Ne2 Nf6 16. Bxf6 Bxf6 17. Rc1 Bd7 18. O-O Qd6 19. Bxc6 Bxc6 20. Rc3 Bg7 21.
Re1 Bd7 22. Nc1 Rac8 23. Nd3 Rxc3 24. bxc3 b6 25. h4 a5 26. Nde5 Bc8 27. Qd3
Bf6 28. Re3 Qe7 29. g3 Qa3 30. Qb1 Qd6 31. Kg2 Kg7 32. Re1 Qc7 33. Qc1 b5 34.
Ng4 e5 35. Qh6+ Kg8 36. Nxf6+ Rxf6 37. Rxe5 Re6 38. h5 Rxe5 39. Nxe5 Bf5 40.
hxg6 hxg6 41. Nxg6 Be4+ 42. Kh2 Qxc3 43. Qh8+ Kf7 44. Ne5+ 1-0

[Event "Nutcracker Team Match 2015"]
[Site "Moscow RUS"]
[Date "2015.12.23"]
[Round "4"]
[White "Oparin, Grigoriy"]
[Black "Leko, Peter"]
[Result "1/2-1/2"]
[WhiteElo "2563"]
[BlackElo "2705"]
[PlyCount "52"]
[EventDate "2015.12.20"]
[WhiteTeam "Princes"]
[BlackTeam "Kings"]

1. e4 e5 2. Nf3 Nc6 3. Bb5 Nf6 4. d3 Bc5 5. Bxc6 dxc6 6. Nbd2 O-O 7. O-O Re8 8.
Nc4 Nd7 9. a4 Bd6 10. b3 Nf8 11. Bb2 Ng6 12. d4 exd4 13. Qxd4 Bf8 14. Qe3 b6
15. Nd4 c5 16. Ne2 f5 17. e5 Qh4 18. f4 Be6 19. Qf3 Qe7 20. Ne3 Qf7 21. c4 Rac8
22. Rfd1 c6 23. Nc3 Nh4 24. Qf2 Ng6 25. Qf3 Nh4 26. Qf2 Ng6 1/2-1/2

[Event "Nutcracker Team Match 2015"]
[Site "Moscow RUS"]
[Date "2015.12.23"]
[Round "4"]
[White "Morozevich, Alexander"]
[Black "Bukavshin, Ivan"]
[Result "1/2-1/2"]
[WhiteElo "2692"]
[BlackElo "2657"]
[PlyCount "91"]
[EventDate "2015.12.20"]
[WhiteTeam "Kings"]
[BlackTeam "Princes"]

1. e4 c5 2. Nf3 e6 3. d4 cxd4 4. Nxd4 Nc6 5. Nc3 Qc7 6. Be3 a6 7. Qf3 Nxd4 8.
Bxd4 b5 9. Qg3 Qxg3 10. hxg3 Bb7 11. f3 Ne7 12. O-O-O Nc6 13. Be3 Rc8 14. Kb1
Na5 15. g4 f6 16. g5 fxg5 17. Bxg5 Bb4 18. Ne2 Nc4 19. Ng3 h6 20. Bc1 Be7 21.
Nh5 Rg8 22. Rh3 Bc6 23. Bd3 Kf7 24. f4 g6 25. Ng3 h5 26. Re1 Nd6 27. Nf1 Nb7
28. c3 h4 29. Nh2 g5 30. Ng4 Ke8 31. f5 Rf8 32. b4 Nd8 33. g3 d6 34. gxh4 gxh4
35. e5 Bg2 36. Rh2 Bf3 37. fxe6 Nxe6 38. exd6 Bxd6 39. Rxe6+ Kd7 40. Rxd6+ Kxd6
41. Nf2 Bd5 42. Bd2 Rce8 43. Bg5 Rf3 44. Bxh4 Ree3 45. Kb2 Rxd3 46. Nxd3
1/2-1/2

[Event "Qatar Masters Open 2015"]
[Site "Doha QAT"]
[Date "2015.12.24"]
[Round "5"]
[White "Giri, Anish"]
[Black "So, Wesley"]
[Result "1/2-1/2"]
[WhiteElo "2784"]
[BlackElo "2775"]
[PlyCount "123"]
[EventDate "2015.12.20"]

1. Nf3 d5 2. g3 Bg4 3. Bg2 c6 4. O-O Nf6 5. d3 Nbd7 6. h3 Bh5 7. Qe1 e5 8. e4
dxe4 9. dxe4 Bc5 10. a4 O-O 11. Nh4 a5 12. Nd2 Qc7 13. Kh1 Rfe8 14. Nb3 Bb4 15.
Bd2 Bxd2 16. Qxd2 Red8 17. Qc3 Bg6 18. Nxg6 hxg6 19. Rfd1 b6 20. Bf3 Nf8 21.
Kg2 Ne6 22. h4 g5 23. hxg5 Rxd1 24. Rxd1 Nxg5 25. Qe3 Nxf3 26. Qxf3 Rd8 27.
Rxd8+ Qxd8 28. Qe2 g6 29. c3 Qd6 30. Nd2 b5 31. Nb3 bxa4 32. Nxa5 Qc5 33. Nc4
Qb5 34. Kf1 Kg7 35. Ke1 Nd7 36. f3 Qc5 37. Kf1 Qb5 38. Ke1 Qc5 39. Kf1 Nb6 40.
Na3 Qd6 41. Ke1 Qc5 42. Qf2 Qxf2+ 43. Kxf2 Kf6 44. Ke3 Kg5 45. Kd3 f5 46. exf5
gxf5 47. Nb1 e4+ 48. fxe4 fxe4+ 49. Kd4 e3 50. Kxe3 Nc4+ 51. Ke2 Nxb2 52. Na3
Kf5 53. Kd2 Ke4 54. Kc2 Nd3 55. Nc4 Nc5 56. Kb2 Kf3 57. Ne5+ Kxg3 58. Nxc6 Kf4
59. Ka3 Ne4 60. c4 Nd6 61. Na5 Nxc4+ 62. Nxc4 1/2-1/2

[Event "Qatar Masters Open 2015"]
[Site "Doha QAT"]
[Date "2015.12.24"]
[Round "5"]
[White "Matlakov, Maxim"]
[Black "Kramnik, Vladimir"]
[Result "0-1"]
[WhiteElo "2684"]
[BlackElo "2796"]
[PlyCount "146"]
[EventDate "2015.12.20"]

1. d4 Nf6 2. c4 e6 3. Nf3 d5 4. Nc3 Be7 5. Bg5 h6 6. Bh4 O-O 7. e3 Nbd7 8. Rc1
c5 9. dxc5 dxc4 10. Bxc4 Nxc5 11. O-O a6 12. Nd4 Nfe4 13. Bxe7 Qxe7 14. Qc2
Nxc3 15. Qxc3 Na4 16. Qc2 Bd7 17. b3 Nb6 18. Be2 Rac8 19. Qe4 Nd5 20. Bd3 f5
21. Qe5 Nc3 22. Nc6 Rxc6 23. Rxc3 Rxc3 24. Qxc3 Rc8 25. Qd2 Rd8 26. Qe2 Bc6 27.
a4 Qg5 28. f3 Rd6 29. Rd1 Kf7 30. Bc2 Rxd1+ 31. Bxd1 f4 32. exf4 Qxf4 33. Qd3
Qe5 34. h3 Ke7 35. Bc2 Qc5+ 36. Kh1 a5 37. Qd2 Qe5 38. Bd3 Qa1+ 39. Kh2 Qd4 40.
Qc2 Kd6 41. Bc4 Be8 42. Kh1 h5 43. Qc1 Bd7 44. Qa3+ Kc7 45. Qc1 Kd6 46. Qa3+
Kc7 47. Qc1 Kb6 48. Qc2 h4 49. Bd3 Bc6 50. Be4 Bd5 51. Kh2 Qe3 52. Bxd5 Qe5+
53. Kh1 exd5 54. Qc8 Qe1+ 55. Kh2 Qe5+ 56. Kh1 Qd6 57. Qe8 Kc5 58. Qb5+ Kd4 59.
Qxa5 Kd3 60. Qb5+ Kc3 61. Qa5+ Kc2 62. Qe1 d4 63. Qe2+ Kxb3 64. Qd1+ Kb4 65.
Qb1+ Kxa4 66. Qxb7 d3 67. Qb2 d2 68. Qa2+ Kb5 69. Qb2+ Qb4 70. Qc2 Qd4 71. Qb3+
Kc5 72. Qc2+ Kb4 73. Qd1 Qb2 0-1

[Event "Qatar Masters Open 2015"]
[Site "Doha QAT"]
[Date "2015.12.24"]
[Round "5"]
[White "Karjakin, Sergey"]
[Black "Dubov, Daniil"]
[Result "1-0"]
[WhiteElo "2766"]
[BlackElo "2655"]
[PlyCount "99"]
[EventDate "2015.12.20"]

1. e4 c5 2. Nf3 Nc6 3. Nc3 g6 4. d4 cxd4 5. Nxd4 Bg7 6. Be3 Nf6 7. Bc4 O-O 8.
Bb3 d5 9. exd5 Na5 10. Qf3 Nxb3 11. axb3 Bg4 12. Qg3 Bh5 13. d6 Ng4 14. O-O-O
Qa5 15. dxe7 Rfe8 16. Rde1 Rxe7 17. Kb1 Rae8 18. h3 Nxe3 19. fxe3 g5 20. b4 Qe5
21. Qxe5 Rxe5 22. e4 Bg6 23. Nf3 R5e7 24. Nxg5 Bxc3 25. bxc3 a5 26. bxa5 Re5
27. Nf3 Rb5+ 28. Kc1 Rxa5 29. e5 Rc5 30. Kd2 Rd5+ 31. Nd4 Rdxe5 32. Rxe5 Rxe5
33. Rb1 Rg5 34. g4 h5 35. gxh5 Rxh5 36. Rxb7 Rxh3 37. c4 Be4 38. Re7 f5 39. c5
Kf8 40. Re5 Rh6 41. Kc3 Kf7 42. Kb4 Rh2 43. c3 Rh4 44. Kb5 Rh3 45. c4 Re3 46.
c6 f4 47. c7 Bb7 48. Rf5+ Ke8 49. Kb6 Bc8 50. Rxf4 1-0

[Event "Qatar Masters Open 2015"]
[Site "Doha QAT"]
[Date "2015.12.24"]
[Round "5"]
[White "Yu, Yangyi"]
[Black "Xu, Yinglun"]
[Result "1-0"]
[WhiteElo "2736"]
[BlackElo "2470"]
[PlyCount "69"]
[EventDate "2015.12.20"]

1. e4 e6 2. d4 d5 3. e5 c5 4. c3 Nc6 5. Nf3 Qb6 6. a3 Nh6 7. b4 cxd4 8. Bxh6
gxh6 9. cxd4 Bd7 10. Ra2 Be7 11. Be2 f6 12. O-O O-O 13. Nc3 fxe5 14. dxe5 Be8
15. Na4 Qc7 16. Rc2 Qb8 17. Nc5 Bxc5 18. Rxc5 Nxe5 19. Nd4 Bf7 20. Qc1 Ng6 21.
f4 Re8 22. Kh1 Ne7 23. Bg4 Nc6 24. Nxc6 bxc6 25. Rxc6 Rc8 26. f5 Rxc6 27. Qxc6
Qe8 28. Qa6 e5 29. Qxh6 Qf8 30. Qh4 Kh8 31. f6 Bg6 32. Qg5 Qd6 33. h4 Rg8 34.
Rc1 Bc2 35. Rxc2 1-0

[Event "Qatar Masters Open 2015"]
[Site "Doha QAT"]
[Date "2015.12.24"]
[Round "5"]
[White "Bologan, Viktor"]
[Black "Wojtaszek, Radoslaw"]
[Result "1/2-1/2"]
[WhiteElo "2654"]
[BlackElo "2723"]
[PlyCount "85"]
[EventDate "2015.12.20"]

1. e4 c6 2. Nf3 d5 3. Nc3 Bg4 4. Be2 e6 5. h3 Bh5 6. d4 Nd7 7. Bf4 dxe4 8. Nxe4
Ndf6 9. Ng3 Bxf3 10. Bxf3 Bd6 11. Qd2 Bxf4 12. Qxf4 Ne7 13. O-O Ng6 14. Qe3 Nh4
15. Rfd1 Nxf3+ 16. Qxf3 O-O 17. c4 Qb6 18. b3 Rad8 19. Qe3 Rd7 20. Rd3 Rfd8 21.
Rad1 Qa5 22. a4 h6 23. Ne4 Nxe4 24. Qxe4 Qg5 25. h4 Qf6 26. g3 a6 27. Kg2 Rd6
28. d5 exd5 29. cxd5 cxd5 30. Rxd5 Rxd5 31. Rxd5 Rxd5 32. Qxd5 Qb6 33. a5 Qc7
34. h5 Qe7 35. g4 Kh7 36. Kf3 g6 37. Qe4 Qc7 38. b4 Kg7 39. Qd4+ Kh7 40. Qf6
Qd7 41. Kg3 Qc7+ 42. Qf4 Qd7 43. Qf6 1/2-1/2

[Event "Qatar Masters Open 2015"]
[Site "Doha QAT"]
[Date "2015.12.24"]
[Round "5"]
[White "Korobov, Anton"]
[Black "Swiercz, Dariusz"]
[Result "0-1"]
[WhiteElo "2713"]
[BlackElo "2646"]
[PlyCount "70"]
[EventDate "2015.12.20"]

1. d4 Nf6 2. c4 g6 3. f3 d5 4. cxd5 Nxd5 5. e4 Nb6 6. Nc3 Bg7 7. Be3 O-O 8. Qd2
Nc6 9. O-O-O Qd6 10. Nb5 Qd7 11. f4 Qe6 12. Nc3 Nc4 13. Qe2 N6a5 14. Bf2 c5 15.
Nf3 b5 16. e5 Qa6 17. Ne4 Bf5 18. g4 Bxg4 19. Nxc5 Nb3+ 20. Kb1 Nxc5 21. dxc5
f6 22. Rg1 Bh5 23. Qe4 fxe5 24. Bxc4+ bxc4 25. Rd7 Bxf3 26. Qxf3 Qe6 27. Rgd1
e4 28. Qe2 Rfb8 29. R1d4 c3 30. b4 Bxd4 31. Rxd4 a5 32. b5 c2+ 33. Qxc2 Rxb5+
34. Kc1 e3 35. Re4 exf2 0-1

[Event "Qatar Masters Open 2015"]
[Site "Doha QAT"]
[Date "2015.12.24"]
[Round "5"]
[White "Harikrishna, Pentala"]
[Black "Ipatov, Alexander"]
[Result "1-0"]
[WhiteElo "2743"]
[BlackElo "2619"]
[PlyCount "123"]
[EventDate "2015.12.20"]

1. e4 e5 2. Nf3 Nc6 3. Bb5 Nf6 4. O-O Nxe4 5. d4 Nd6 6. Bxc6 dxc6 7. dxe5 Nf5
8. Qxd8+ Kxd8 9. h3 Ke8 10. Nc3 Be6 11. g4 Ne7 12. Nd4 Bd7 13. Re1 h5 14. f3
hxg4 15. hxg4 Nd5 16. Ne4 c5 17. Nf5 Nb4 18. Re2 Bb5 19. Rf2 Bc6 20. Nfg3 Be7
21. a3 Bxe4 22. Nxe4 Nc6 23. Bf4 Nd4 24. Be3 f5 25. exf6 gxf6 26. c3 Ne6 27.
Rd1 Kf7 28. Rh2 a5 29. f4 Rxh2 30. Kxh2 Rh8+ 31. Kg2 f5 32. gxf5 Ng7 33. f6 Nf5
34. Bf2 Bd6 35. Kf3 b6 36. a4 Rh2 37. Rg1 Bf8 38. Re1 c4 39. Kg4 Kg6 40. Rg1
Nd6 41. Kg3 Rh5 42. Kf3+ Kf7 43. Ng5+ Kxf6 44. Re1 c5 45. Kg4 Rh2 46. Bg3 Rxb2
47. Re6+ Kg7 48. f5 Rg2 49. Rg6+ Kh8 50. Kf3 Rxg3+ 51. Kxg3 Nxf5+ 52. Kf2 Bg7
53. Ne4 Ne7 54. Rd6 Kg8 55. Ke2 Kf7 56. Kd2 Be5 57. Rxb6 Nd5 58. Rc6 Bf4+ 59.
Kc2 Bc7 60. Kb2 Ke7 61. Rxc5 Ke6 62. Rxc4 1-0

[Event "Qatar Masters Open 2015"]
[Site "Doha QAT"]
[Date "2015.12.24"]
[Round "5"]
[White "Bromberger, Stefan"]
[Black "Jakovenko, Dmitry"]
[Result "0-1"]
[WhiteElo "2521"]
[BlackElo "2737"]
[PlyCount "58"]
[EventDate "2015.12.20"]

1. e4 c5 2. Nf3 d6 3. d4 cxd4 4. Nxd4 Nf6 5. Nc3 a6 6. Be2 e6 7. O-O Be7 8. f4
O-O 9. Kh1 Qc7 10. a4 Nc6 11. Be3 Re8 12. Bf3 Rb8 13. g4 Nd7 14. Bg2 b6 15. g5
Bb7 16. Qh5 Nxd4 17. Bxd4 b5 18. axb5 axb5 19. Qe2 b4 20. Nb5 Qc8 21. Ba7 Ra8
22. Qd2 Ba6 23. Qxb4 Qb7 24. Rxa6 Qxa6 25. Bd4 d5 26. Qb3 Reb8 27. Nc7 Qc8 28.
Qc3 Bb4 29. Qc6 Rb7 0-1

[Event "Qatar Masters Open 2015"]
[Site "Doha QAT"]
[Date "2015.12.24"]
[Round "5"]
[White "Vitiugov, Nikita"]
[Black "Zhang, Zhong"]
[Result "1-0"]
[WhiteElo "2724"]
[BlackElo "2619"]
[PlyCount "49"]
[EventDate "2015.12.20"]

1. e4 e6 2. d4 d5 3. Nc3 Bb4 4. e5 c5 5. a3 Bxc3+ 6. bxc3 Ne7 7. h4 Nbc6 8. h5
h6 9. Qg4 Qc7 10. Bd2 Nf5 11. Nf3 cxd4 12. cxd4 Ncxd4 13. Nxd4 Qxe5+ 14. Be3
Nxe3 15. Bb5+ Kf8 16. fxe3 Qxe3+ 17. Ne2 Qc5 18. Bd3 Bd7 19. Rf1 Re8 20. Kd2
Re7 21. Rf3 Be8 22. Nf4 Kg8 23. Raf1 e5 24. Rg3 f5 25. Ne6 1-0

[Event "Qatar Masters Open 2015"]
[Site "Doha QAT"]
[Date "2015.12.24"]
[Round "5"]
[White "Gagare, Shardul"]
[Black "Ivanchuk, Vassily"]
[Result "1/2-1/2"]
[WhiteElo "2470"]
[BlackElo "2710"]
[PlyCount "60"]
[EventDate "2015.12.20"]

1. d4 e6 2. c4 Nf6 3. Nf3 d5 4. Nc3 Bb4 5. cxd5 exd5 6. Bg5 Nbd7 7. e3 c5 8.
dxc5 Qa5 9. Nd2 Bxc3 10. bxc3 Qxc3 11. Bxf6 Nxf6 12. Bb5+ Ke7 13. Rc1 Qa5 14.
Qa4 Qxa4 15. Bxa4 Bd7 16. Bxd7 Nxd7 17. Nb3 Rac8 18. Ke2 Rhd8 19. Rhd1 Ne5 20.
Rd4 Rd7 21. Rcd1 Rcd8 22. Ra4 a6 23. Rad4 Nc6 24. R4d2 g6 25. h4 h5 26. g3 Kf6
27. Nd4 Na5 28. Nb3 Nc6 29. Nd4 Na5 30. Nb3 Nc6 1/2-1/2

[Event "Qatar Masters Open 2015"]
[Site "Doha QAT"]
[Date "2015.12.24"]
[Round "5"]
[White "Ponomariov, Ruslan"]
[Black "Bluebaum, Matthias"]
[Result "1-0"]
[WhiteElo "2710"]
[BlackElo "2590"]
[PlyCount "81"]
[EventDate "2015.12.20"]

1. e4 e6 2. d4 d5 3. Nc3 Nf6 4. e5 Nfd7 5. f4 c5 6. Nf3 Be7 7. Be3 O-O 8. Qd2
b6 9. Be2 Nc6 10. O-O f5 11. dxc5 Nxc5 12. Bb5 Bb7 13. Bxc6 Bxc6 14. Nd4 Qd7
15. b4 Ne4 16. Nxe4 dxe4 17. c4 Rad8 18. Qc3 g5 19. Rad1 gxf4 20. Bxf4 Qc8 21.
Rd2 Rf7 22. Rfd1 Ba4 23. Rc1 Be8 24. a3 Rg7 25. Bh6 Rg6 26. Be3 Qc7 27. Ne2
Rxd2 28. Bxd2 Qd8 29. Be3 Bg5 30. Kf2 Bc6 31. g3 Rg7 32. Bxg5 Qxg5 33. Rd1 f4
34. Nxf4 Rf7 35. Rd6 Bb7 36. Qd4 Qh5 37. Kg1 Qf3 38. Rd8+ Kg7 39. Qf2 Qg4 40.
Rd6 e3 41. Qxe3 1-0